Vista normal Vista MARC

Entrada Personal Name

Número de registros utilizados en: 1

001 - CONTROL NUMBER

  • control field: 42446

003 - CONTROL NUMBER IDENTIFIER

  • control field: OSt

005 - DATE AND TIME OF LATEST TRANSACTION

  • control field: 20221031082503.0

008 - FIXED-LENGTH DATA ELEMENTS

  • fixed length control field: 221031|| aca||aabn | a|a d

040 ## - CATALOGING SOURCE

  • Original cataloging agency: OSt
  • Transcribing agency: OSt

100 ## - HEADING--PERSONAL NAME

  • Personal name: Acosta Riveros, Julian

670 ## - SOURCE DATA FOUND

  • Source citation: Work cat.: (OSt)29774: Jaramillo Agudelo, Darío, autor 952, Veinte historias de fantasmas / , 2021